[Event "Deizisau op 7th"]
[Site "Deizisau"]
[Date "2012.10.30"]
[Round "7"]
[White "Brem, Stephan"]
[Black "Van gen Hassend, Max"]
[Result "1/2-1/2"]
[WhiteElo "2112"]
[BlackElo "2025"]
[PlyCount "126"]
[EventDate "2012.10.27"]
[EventType "swiss"]
[EventRounds "7"]
[EventCountry "GER"]
[SourceTitle "EXT 2013"]
[Source "ChessBase"]
[SourceDate "2012.11.22"]
[SourceVersion "1"]
[SourceVersionDate "2012.11.22"]
[SourceQuality "1"]

1. b3 b6 2. Bb2 Bb7 3. f4 f5 4. Nf3 Nf6 5. e3 e6 6. g3 Be7 7. Bg2 0-0 8. Qe2 c5 9. d3 Nc6 10. 0-0 Rc8 11. Nbd2 d5 12. Rad1 Ba6 13. c4 b5 14. Ng5 Qd7 15. Bxf6 Bxf6 16. Nxe6 dxc4 17. dxc4 Rfe8 18. Nxc5 Nd4 19. Nxd7 Nxe2+ 20. Kf2 Nc3 21. Nxf6+ gxf6 22. Ra1 Red8 23. Bd5+ Nxd5 24. cxd5 Rc2 25. Rfd1 Rxd5 26. Ke1 Rd3 27. Nf1 b4 28. Rxd3 Bxd3 29. Nd2 Kg7 30. Kd1 Rc3 31. a3 Bc2+ 32. Ke2 Bd3+ 33. Kd1 Bc2+ 34. Ke2 Bd3+ 35. Ke1 a5 36. axb4 axb4 37. Ra2 Bc2 38. Ke2 Bxb3 39. Rb2 Bc4+ 40. Kd1 Bd5 41. Rxb4 Rxe3 42. Rd4 Bf3+ 43. Nxf3 Rxf3 44. Ke2 Ra3 45. Rd2 Kg6 46. Kf2 Rb3 47. Kg2 Ra3 48. Kh3 Ra8 49. Kh4 Rb8 50. h3 h5 51. Rd7 Ra8 52. Re7 Rh8 53. Ra7 Rg8 54. Ra6 Rh8 55. Rb6 Rg8 56. g4 hxg4 57. hxg4 Rh8+ 58. Kg3 fxg4 59. Kxg4 Rg8 60. f5+ Kf7+ 61. Kf4 Re8 62. Rb7+ Re7 63. Rb8 Re1 1/2-1/2

[Event "GER-chA U25"]
[Site "Oberhof"]
[Date "2011.06.14"]
[Round "4"]
[White "Noetzel, Felix"]
[Black "Van gen Hassend, Max"]
[Result "1-0"]
[WhiteElo "2042"]
[BlackElo "1988"]
[PlyCount "97"]
[EventDate "2011.06.11"]
[EventType "swiss"]
[EventRounds "9"]
[EventCountry "GER"]
[SourceTitle "CBM 142 Extra"]
[Source "ChessBase"]
[SourceDate "2011.06.27"]
[SourceVersion "1"]
[SourceVersionDate "2011.06.27"]
[SourceQuality "1"]

1. e4 c5 2. d4 cxd4 3. c3 dxc3 4. Nxc3 Nc6 5. Nf3 e6 6. Bc4 a6 7. a4 Bb4 8. 0-0 Nge7 9. Bf4 0-0 10. Bd6 Qb6 11. Qb3 Bc5 12. Qxb6 Bxb6 13. b4 Re8 14. Rfd1 Ba7 15. b5 Na5 16. Bf1 Bb6 17. Rab1 Bd8 18. b6 Nec6 19. e5 f5 20. exf6 gxf6 21. Ne4 Kf7 22. Bc5 Be7 23. Nd6+ Kf8 24. Nxe8 Kxe8 25. Bd6 Nd8 26. Rbc1 Bxd6 27. Rxd6 Nf7 28. Rd3 Nc6 29. Nd4 Nb4 30. Rdc3 Nd6 31. Rh3 e5 32. Nb3 a5 33. Rxh7 Nf7 34. Bb5 Kf8 35. Nc5 Kg8 36. Rh3 Nd5 37. Nxd7 Bxd7 38. Bxd7 Kf8 39. Rb3 Ke7 40. Bb5 Rd8 41. g3 Ng5 42. h4 Ne6 43. Kg2 Nd4 44. Rb2 Rd6 45. h5 f5 46. Rc8 Rxb6 47. Re8+ Kd6 48. h6 Nf6 49. Rh8 1-0

[Event "GER-ch Net qual1 U25"]
[Site "Playchess.com INT"]
[Date "2011.05.01"]
[Round "7"]
[White "Van gen Hassend, Max"]
[Black "Wedrychowski, Lukas"]
[Result "1-0"]
[WhiteElo "1563"]
[BlackElo "1645"]
[PlyCount "57"]
[EventDate "2011.05.01"]
[EventType "swiss (blitz)"]
[EventRounds "7"]
[EventCountry "GER"]
[SourceTitle "CBM 142 Extra"]
[Source "ChessBase"]
[SourceDate "2011.06.27"]
[SourceVersion "1"]
[SourceVersionDate "2011.06.27"]
[SourceQuality "1"]

1. e4 c5 2. Nf3 d6 3. d4 cxd4 4. Nxd4 Nf6 5. Nc3 a6 6. Bg5 Nbd7 7. f4 Qc7 8. Qf3 b5 9. 0-0-0 Bb7 10. g4 b4 11. Nd5 Nxd5 12. exd5 Nb6 13. Bg2 a5 14. Nc6 Bxc6 15. dxc6 a4 16. Rhe1 b3 17. cxb3 axb3 18. Qxb3 e6 19. f5 e5 20. Bf4 f6 21. Qe6+ Be7 22. Be3 Rb8 23. g5 Rf8 24. Rd3 Rf7 25. Rb3 Rf8 26. Bxb6 Rxb6 27. Rxb6 Qxb6 28. Qd7+ Kf7 29. Bd5# 1-0

[Event "Baden-ch U18/20"]
[Site "Schoeneck"]
[Date "2009.01.04"]
[Round "5"]
[White "Van gen Hassend, Max"]
[Black "Faller, Patrick"]
[Result "1/2-1/2"]
[WhiteElo "1592"]
[BlackElo "1297"]
[PlyCount "85"]
[EventDate "2009.01.02"]
[EventType "swiss"]
[EventRounds "7"]
[EventCountry "GER"]
[SourceTitle "EXT 2010"]
[Source "ChessBase"]
[SourceDate "2010.11.25"]
[SourceVersion "1"]
[SourceVersionDate "2010.11.25"]
[SourceQuality "1"]

1. e4 e5 2. Nf3 Nc6 3. Bb5 Nge7 4. 0-0 a6 5. Ba4 b5 6. Bb3 d5 7. Re1 dxe4 8. Ng5 Nd5 9. Nxe4 Be7 10. c3 0-0 11. a4 bxa4 12. Bxa4 Bb7 13. d4 exd4 14. cxd4 Nf6 15. Nc5 Bxc5 16. dxc5 Qxd1 17. Rxd1 Nb4 18. Nc3 Rad8 19. Bf4 c6 20. Bd6 Rfe8 21. Rd4 Nbd5 22. Nxd5 Nxd5 23. Kf1 Nf6 24. Rad1 a5 25. Bc2 Ba6+ 26. Bd3 Bb5 27. Bxb5 cxb5 28. c6 Rc8 29. c7 Ne4 30. Bf4 Nc5 31. Bg3 Ne6 32. Rd7 b4 33. b3 f6 34. R1d5 Ra8 35. Rb5 g5 36. Rb8 Nxc7 37. Rb7 Nd5 38. Rxh7 Rac8 39. f4 Nxf4 40. Bxf4 gxf4 41. Rhg7+ Kh8 42. Rh7+ Kg8 43. Rbg7+ 1/2-1/2

[Event "Baden-ch U18/20"]
[Site "Schoeneck"]
[Date "2009.01.02"]
[Round "1"]
[White "Van gen Hassend, Max"]
[Black "Fischer, Benjamin"]
[Result "0-1"]
[WhiteElo "1592"]
[BlackElo "1910"]
[PlyCount "80"]
[EventDate "2009.01.02"]
[EventType "swiss"]
[EventRounds "7"]
[EventCountry "GER"]
[SourceTitle "EXT 2010"]
[Source "ChessBase"]
[SourceDate "2010.11.25"]
[SourceVersion "1"]
[SourceVersionDate "2010.11.25"]
[SourceQuality "1"]

1. e4 c5 2. Nf3 a6 3. d4 cxd4 4. Nxd4 e5 5. Nf5 d5 6. Ng3 Nf6 7. exd5 Qxd5 8. Qxd5 Nxd5 9. Bd2 Nc6 10. Nc3 Nxc3 11. Bxc3 Bb4 12. Bd2 Be6 13. 0-0-0 Rc8 14. Kb1 0-0 15. Bd3 Rfd8 16. a3 Bxd2 17. Rxd2 Bd5 18. f3 Bc4 19. Rhd1 Bxd3 20. Rxd3 Rxd3 21. Rxd3 Rd8 22. Rxd8+ Nxd8 23. Ne4 Kf8 24. c4 Ke7 25. Nc5 f5 26. b4 Kd6 27. Kc2 a5 28. Kb3 b6 29. Nd3 e4 30. fxe4 fxe4 31. Nf4 Ke5 32. Ne2 Nc6 33. Kc3 g6 34. b5 Ne7 35. a4 Nf5 36. g4 Nd6 37. h3 Nb7 38. Kd2 Nc5 39. Nc3 Kd4 40. Ne2+ Kxc4 0-1

[Event "Baden-ch U16"]
[Site "Karlsruhe"]
[Date "2008.01.03"]
[Round "3"]
[White "Warthmann, Alexander"]
[Black "Van gen Hassend, Max"]
[Result "1-0"]
[WhiteElo "1594"]
[BlackElo "1361"]
[PlyCount "85"]
[EventDate "2008.01.02"]
[EventType "swiss"]
[EventRounds "7"]
[EventCountry "GER"]
[SourceTitle "EXT 2009"]
[Source "ChessBase"]
[SourceDate "2008.11.26"]
[SourceVersion "1"]
[SourceVersionDate "2008.11.26"]
[SourceQuality "1"]

1. e4 e5 2. Nf3 Nc6 3. Bb5 a6 4. Ba4 Nf6 5. d3 d6 6. 0-0 Be7 7. Be3 b5 8. Bb3 0-0 9. c3 Bb7 10. Nbd2 Re8 11. Bc2 Bf8 12. d4 h6 13. Re1 Nb8 14. Qe2 Nbd7 15. Rad1 c6 16. dxe5 dxe5 17. Nf1 Qc7 18. Ng3 g6 19. Qd2 Kh7 20. Bb3 Re7 21. Bc2 Ree8 22. Bb3 Re7 23. Qd6 Rc8 24. h3 Qxd6 25. Rxd6 Kg8 26. Red1 Rc7 27. a4 Re8 28. R6d2 c5 29. c4 bxc4 30. Bxc4 Nb6 31. Bb3 Nxe4 32. Nxe4 Bxe4 33. a5 Nc8 34. Rd8 Rxd8 35. Rxd8 g5 36. Nxe5 Nd6 37. f3 Bf5 38. g4 Be6 39. Bxe6 fxe6 40. Ng6 Rc8 41. Ne7+ Kf7 42. Nxc8 Nxc8 43. Rxc8 1-0

[Event "Baden-ch U16"]
[Site "Karlsruhe"]
[Date "2008.01.02"]
[Round "1"]
[White "Waidelich, Dominik"]
[Black "Van gen Hassend, Max"]
[Result "1/2-1/2"]
[WhiteElo "1645"]
[BlackElo "1361"]
[PlyCount "55"]
[EventDate "2008.01.02"]
[EventType "swiss"]
[EventRounds "7"]
[EventCountry "GER"]
[SourceTitle "EXT 2009"]
[Source "ChessBase"]
[SourceDate "2008.11.26"]
[SourceVersion "1"]
[SourceVersionDate "2008.11.26"]
[SourceQuality "1"]

1. d4 c5 2. d5 d6 3. c4 e6 4. e4 exd5 5. cxd5 Nf6 6. Nc3 g6 7. f4 Bg7 8. Nf3 Bg4 9. h3 Bxf3 10. Qxf3 0-0 11. Bd3 Na6 12. a3 Nc7 13. 0-0 Rb8 14. a4 b6 15. Bc4 a6 16. Qd3 b5 17. axb5 axb5 18. Bxb5 Nxb5 19. Nxb5 Nxe4 20. Na7 f5 21. Nc6 Qb6 22. Nxb8 Rxb8 23. Kh2 Qb4 24. Qc2 Bd4 25. g4 Qb5 26. Qg2 fxg4 27. hxg4 Qd3 28. Qf3 1/2-1/2